Social Policy and International Interventions in South East Europe : (Record no. 614784)

MARC details
000 -LEADER
fixed length control field 00543nam a2200193 a 4500
008 - FIXED-LENGTH DATA ELEMENTS--GENERAL INFORMATION
fixed length control field 260220s2007##################000#0#eng##
020 ## - INTERNATIONAL STANDARD BOOK NUMBER
ISBN 9781847200969
082 04 - DEWEY DECIMAL CLASSIFICATION NUMBER
Classification number 320.609
Item number DEA
100 1# - MAIN ENTRY--AUTHOR NAME
Personal name Deacon, Bob,
245 10 - TITLE STATEMENT
Title Social Policy and International Interventions in South East Europe :
260 ## - PUBLICATION, DISTRIBUTION, ETC. (IMPRINT)
Name of publisher Edward Elgar Pub,
Year of publication 2007.
300 ## - PHYSICAL DESCRIPTION
Number of Pages 250 pages
650 #0 - SUBJECT ADDED ENTRY--TOPICAL TERM
Topical Term Political Science.
942 ## - ADDED ENTRY ELEMENTS (KOHA)
Koha item type English Books
Holdings
Withdrawn status Lost status Damaged status Not for loan Home library Current library Shelving location Date acquired Full call number Accession Number Price effective from Koha item type
        Anna Centenary Library Anna Centenary Library 3RD FLOOR, B WING 20.02.2026 320.609 DEA 344225 20.02.2026 English Books

Find us on the map